000 00451nam a22001697a 4500
005 20160503110929.0
008 160503b xxu||||| |||| 00| 0 eng d
020 _a0-07-059410-4
041 _aeng
082 _b1176
100 _aPerreult, irwillian Mc Cartug Jerome E.
_9395
245 _aBsic Marketing. A global Managerial Approach.
260 _aNew Delhi
_bTata MC Graw Hill,
_c2005
300 _a793
650 _aManagement
_9241
942 _cBK
999 _c468
_d468